MARC

LEADER 00000nam0a2200000 4500
001 266706
005 20231101234026.0
020 |a RU  |b 86-102143 
035 |a (RuTPU)RU\TPU\book\289726 
090 |a 266706 
100 |a 20140714d1986 k y0rusy5003 ca 
101 0 |a rus 
102 |a RU 
105 |a a z 101zy 
200 1 |a Перспективы биоорганической химии и молекулярной биологии  |e международный симпозиум , Москва - Алма-ата , 9-24 июня 1984 г.  |f Академия наук СССР (АН СССР), Институт биоорганической химии им. М. М. Шемякина (ИБХ) ; отв. ред. Ю. А. Овчинников 
210 |a Москва  |c Наука  |d 1986 
215 |a 365 с.  |c ил.  |d 25 см 
320 |a Библиогр. в конце докл. 
320 |a Указ. авт., предм.: с. 347-352. 
320 |a Список участников : с. 7-9. 
606 1 |a Биоорганическая химия  |x (биология)  |2 stltpush  |3 (RuTPU)RU\TPU\subj\64570  |9 81418 
606 1 |a Молекулярная биология  |2 stltpush  |3 (RuTPU)RU\TPU\subj\70459  |9 84719 
610 1 |a пептиды 
610 1 |a белки 
610 1 |a пространственная организация 
610 1 |a функции 
610 1 |a биоэнергетика 
610 1 |a биомембраны 
610 1 |a транспорт 
610 1 |a нуклеиновые кислоты 
610 1 |a структура 
610 1 |a молекулярная иммунология 
610 1 |a низкомолекулярные биорегуляторы 
610 1 |a симпозиумы 
675 |a 577.1(063)  |z rus  |v 4 
675 |a 577.2(063)  |z rus  |v 3 
702 1 |a Овчинников  |b Ю. А.  |g Юрий Анатольевич  |4 340 
712 0 2 |a Академия наук СССР (АН СССР)  |b Институт биоорганической химии им. М. М. Шемякина (ИБХ)  |c (Москва)  |c (1974-1991)  |2 stltpush  |3 (RuTPU)RU\TPU\col\19621 
712 1 2 |a Перспективы биоорганической химии и молекулярной биологии  |c симпозиум  |e Москва, Алма-Ата  |f 1984 
801 0 |a RU  |b RuMRKP  |c 19960705  |g psbo 
801 1 |a RU  |b 63413507  |c 20140714 
801 2 |a RU  |b 63413507  |c 20150727  |g RCR 
942 |c BK